| Tag |
First Indicator |
Second Indicator |
Subfields |
| LEADER |
00000cam a2200000Mi 4500 |
| 001 |
in00004539821 |
| 005 |
20231024205322.1 |
| 008 |
090929s1868 fr a f 000 0 fre d |
| 035 |
|
|
|a (OCoLC)ocn495411072
|
| 035 |
|
|
|a (OCoLC)495411072
|
| 040 |
|
|
|a ZWZ
|b fre
|e ncafnor
|c ZWZ
|d OCLCO
|d OCLCQ
|d TMV
|d UtOrBLW
|
| 049 |
|
|
|a TMVM
|
| 060 |
|
4 |
|a SF 765
|b M554n 1868
|
| 100 |
1 |
|
|a Merche, Charles,
|d (1814-1884),
|e author.
|
| 245 |
1 |
0 |
|a Nouveau traité des formes extérieures du cheval /
|c par Merche.
|
| 264 |
|
1 |
|a Paris :
|b J. Dumaine,
|c 1868.
|
| 300 |
|
|
|a xxiii,719 pages :
|b illustrations ;
|c 22 cm
|
| 336 |
|
|
|a text
|b txt
|2 rdacontent
|
| 337 |
|
|
|a unmediated
|b n
|2 rdamedia
|
| 338 |
|
|
|a volume
|b nc
|2 rdacarrier
|
| 500 |
|
|
|a "De l'age" (rédigé par M. Raymond): pages 625-658.
|
| 500 |
|
|
|a "Examen méthodique du cheval en vente": pages 701-714.
|
| 650 |
|
0 |
|a Horses
|x Anatomy.
|
| 650 |
|
0 |
|a Horses.
|0 http://id.loc.gov/authorities/subjects/sh85062160
|
| 650 |
|
0 |
|a Horse buying.
|
| 700 |
1 |
|
|a Raymond, Fulgence,
|d 1844-1910,
|e Auteur.
|0 http://id.loc.gov/authorities/names/no2008134951
|
| 999 |
|
|
|a MARS
|
| 999 |
f |
f |
|s 83c0fcd0-72ef-3236-a701-30b7efd1fa86
|i 6ff626e4-f216-3068-8b4c-30bda735755a
|t 0
|
| 952 |
f |
f |
|p noncirc
|a Texas A&M University
|b College Station
|c Medical Sciences Library
|d MSL: Special Collections
|t 0
|e SF 765 M554n 1868
|h Library of Congress classification
|i unmediated -- volume
|m 3238902607546
|
| 998 |
f |
f |
|a SF 765 M554n 1868
|t 0
|l MSL: Special Collections
|